Statistiques concernant Place des grands hommes (Paroles)

Cliquez ici pour prendre le quiz!

Statistiques générales

  • Ce quiz a été pris 92 fois
  • Le résultat moyen est 28 sur 62

Statistiques - réponses

Paroles à compléterMot(s) manquant(s)% Correct
On s'était dit rendez-vous dans __ ___10 ans
96%
On verra quand on aura __ ans30
89%
Sur les marches de la _____ ___ ______ ______place des grands hommes
88%
Si on avait plus rien à __ ____ et si et si...se dire
83%
Le ____ est venu et moi aussijour
78%
On verra quand on aura __ ans30
74%
On s'était dit rendez-vous dans __ ___10 ans
71%
C'est fou c'qu'un __________ de printempscrépuscule
71%
J'avais eu si souvent _____ d'elle.envie
69%
Qu'est-ce que j'ai ____ de ces ______ ?fait - années
69%
Mais j' veux pas être __ _______.le premier
69%
Sur les marches de la _____ ___ ______ ______place des grands hommes
68%
Je fais des détours dans le ________.quartier
68%
Si j'y allais pas... J' me serais trompé d'un ____.soir
68%
Rappelle le même __________ d'y a __ ___crépuscule - 10 ans
64%
"T'as pas ______, qu'est-ce que tu _______ ?changé - deviens
61%
J'ai pas flotté __________ sur l'eau,tranquille
60%
Tu t'es mariée, t'as _____ gamins.trois
60%
On s'était dit rendez-vous dans __ ___10 ans
57%
Combien seront là _, _, _, _ ... _ ?4 - 3 - 2 - 1 - 0
57%
Remonte-t-il à la surface __ ______ __ _____ ?de temps en temps
57%
Trottoirs usés par les _______ baissés.regards
57%
On verra quand on aura __ ans30
54%
T'as réussi, tu fais _______ ?médecin
54%
Devant une vitrine d'__________,antiquités
53%
J'imagine les _____________ de l'amitiéretrouvailles
53%
Sur les marches de la _____ ___ ______ ______place des grands hommes
51%
La belle ________ me regardera-t-elle ?Séverine
51%
J'ai pas ____ le vent dans le ___nagé - dos
47%
Même ____, même _____, même ______jour - heure - pommes
46%
Même ____, même _____, même ______jour - heure - pommes
46%
J'ai un peu peur de _________ l' miroir.traverser
46%
Comme ____, comme ____, comme ____.vous - vous - vous
44%
Comme ____, comme ____, comme ____.vous - vous - vous
43%
J'ai connu des ______ hautes et des ______ basses,marées - marées
40%
Même ____, même _____, même ______jour - heure - pommes
39%
As-tu réussi ton ____ ?pari
39%
On s'est tout ___, on s'serre la main !dit
38%
Et ____, et ____...et ____ ?vous - vous - vous
38%
Et bah c'est formidable les _______ !copains
32%
On s'était dit rendez-vous dans __ ___10 ans
29%
On peut pas mettre 10 ans sur _____table
29%
J'ai rencontré des tempêtes et des ___________,bourrasques
28%
____ voulait ________ le subconscient.Eric - explorer
26%
Elle part à ______, je la suivrai.gauche
26%
On verra quand on aura __ ans30
24%
________-moi ! ________-moi ! ________-moi !Attendez - attendez - attendez
22%
Et toi _______, tu t' marres toujours pour rien ?"Pascale
22%
Sur les marches de la _____ ___ ______ ______place des grands hommes
22%
Chaque _____ morte à une nouvelle a fait place,amour
21%
Comme on étale ses _______ ___ ________.lettres au Scrabble
21%
Si c'est à ______... ________-moi !droite - attendez
19%
Dans la vitrine je vois __ ______le reflet
19%
D'une ________ derrière moi.lycéenne
18%
Dernière ligne droite, la rue _______,Souflot
18%
Même ____, même _____, même ______jour - heure - pommes
17%
Tiens si on s' donnait ______-____ dans __ans...rendez-vous - 10
17%
Si on est d'venus des _____ ______...grands hommes
15%
Et toi _____ qui ambitionnait simplement d'être heureux dans la vie,Marco
13%
Des ______ ______... des _____ ______...grands hommes - grands hommes
11%
Et toi ________, et toi ________, et toi Marion,François - Laurence
6%
Et toi ____...et toi _____, et toi Evelyne ?Gégé - Bruno
6%

Distribution des résultats

Percentile par nombre de réponses

% des personnes avec chaque résultat

Votre développement - résultats

Vous n’avez pas pris ce quiz